Oeuvres de M. Thomas de l'Académie Françoise (Record no. 166272)
[ view plain ]
| 000 -LEADER | |
|---|---|
| campo de control de longitud fija | 00911nam a2200265 i 4500 |
| 001 - NÚMERO DE CONTROL | |
| campo de control | 166272 |
| 003 - IDENTIFICADOR DE NÚMERO DE CONTROL | |
| campo de control | ES-MaACL |
| 005 - FECHA Y HORA DE LA ÚLTIMA TRANSACCIÓN | |
| campo de control | 20250802062538.0 |
| 008 - DATOS DE LONGITUD FIJA--INFORMACIÓN GENERAL | |
| campo de control de longitud fija | 050913s1774 ne | |||||||| ||fre d |
| 040 ## - FUENTE DE CATALOGACIÓN | |
| Centro catalogador/agencia de origen | CAM |
| Lengua de catalogación | spa |
| Centro/agencia transcriptor | CAM |
| 100 1# - ENTRADA PRINCIPAL--NOMBRE DE PERSONA | |
| Nombre de persona | Thomas, Antoine Léonard, |
| Fechas asociadas al nombre | 1732-1785 |
| 9 (RLIN) | 133221 |
| 245 10 - MENCIÓN DEL TÍTULO | |
| Título | Oeuvres de M. Thomas de l'Académie Françoise |
| Resto del título | : tome second. |
| 250 ## - MENCION DE EDICION | |
| Mención de edición | Nouvelle édition revue, corrigée et augmentée. |
| 260 ## - PUBLICACIÓN, DISTRIBUCIÓN, ETC. | |
| Lugar de publicación, distribución, etc. | A Amsterdam : |
| Nombre del editor, distribuidor, etc. | chez E. van Harrevelt, |
| Fecha de publicación, distribución, etc. | 1774. |
| 300 ## - DESCRIPCIÓN FÍSICA | |
| Extensión | [4], 310, [2] p. ; |
| Dimensiones | 12º. |
| 592 ## - | |
| -- | Notas a pie de pág. |
| 595 ## - | |
| -- | La mención de ed. precede a la indicación de parte. |
| 597 ## - NOTA DE DESCRIPCIÓN FÍSICA | |
| NOTA DE DESCRIPCIÓN FÍSICA | Sign.: []2, A-N12. |
| 597 ## - NOTA DE DESCRIPCIÓN FÍSICA | |
| NOTA DE DESCRIPCIÓN FÍSICA | Port. a dos tintas con viñeta calc. |
| 597 ## - NOTA DE DESCRIPCIÓN FÍSICA | |
| NOTA DE DESCRIPCIÓN FÍSICA | Antep. |
| 597 ## - NOTA DE DESCRIPCIÓN FÍSICA | |
| NOTA DE DESCRIPCIÓN FÍSICA | Antep. |
| 650 #7 - PUNTO DE ACCESO ADICIONAL DE MATERIA--TÉRMINO DE MATERIA | |
| Término de materia o nombre geográfico como elemento de entrada | Literatura |
| Fuente del encabezamiento o término | embne |
| 9 (RLIN) | 141583 |
| 852 ## - LOCALIZACIÓN | |
| Ubicación | ES-MaACL |
| Número de control de estantería | R-987-90 |
| Nota libre | -- Enc. pasta |
| Encuadernación | -- Olim: G-9494-7 |
| Estatus retirado | Estado de pérdida | Estado de daño | No para préstamo | Colección | Biblioteca de origen | Biblioteca actual | Ubicación en estantería | Fecha de adquisición | Total de préstamos | Signatura topográfica completa | Código de barras | Visto por última vez | Precio de reemplazo | Tipo de ítem Koha |
|---|---|---|---|---|---|---|---|---|---|---|---|---|---|---|
| Libros del s. XVIII | Biblioteca del Ateneo de Madrid | Biblioteca del Ateneo de Madrid | Depósito | 17/01/2008 | R-987-90 | 1174373 | 23/02/2023 | 23/02/2023 | Libro impreso antiguo |
